| 000 | 00583cam a2200217 4500 | ||
|---|---|---|---|
| 008 | 090401t1981 xxu||||| |||| 00| 0 eng d | ||
| 020 | _a0117250813 | ||
| 035 | _a(Sirsi) u43991 | ||
| 041 | _aeng | ||
| 050 | _a690 | ||
| 110 | _aBuilding Research Establishment | ||
| 245 | _aSanitary pipework. Part 1: design basis. | ||
| 260 |
_aGarston, Watford _bBuilding Research Establishment _c1981 |
||
| 300 | _a4p. : ill. ; 30cm. | ||
| 350 | _a0.5 | ||
| 490 |
_aBRE Digest _v248 |
||
| 650 | _aSANITARY PIPEWORK | ||
| 690 | _aBUILT ENVIRONMENT | ||
| 942 | _n0 | ||
| 948 | _c04/03/1997 | ||
| 999 |
_c91419 _d91419 |
||